| 000 | 01032 a2200301 4500 | ||
|---|---|---|---|
| 999 |
_c200129066 _d31998 |
||
| 001 | 200129066 | ||
| 003 | TR-AnTOB | ||
| 005 | 20240926141054.0 | ||
| 008 | 130425s tu 000 0 | ||
| 040 |
_aTR-AnTOB _cTR-AnTOB |
||
| 041 | _atur | ||
| 050 |
_aHV376.7.A6 _bO98 2012 |
||
| 090 | _aHV376.7.A6. O98 2012 | ||
| 100 |
_aOztürk, Hasan _988281 |
||
| 245 | 1 | 0 |
_aTürkiye’nin dış yardım stratejisi : _bsorunlar ve öneriler / _cHasan Öztürk ; Sevinç Öztürk. |
| 264 | 1 |
_aİstanbul: _bBilge Adamlar Stratejik Araştırmalar Merkezi, _c2012 |
|
| 300 |
_a47 s. : _bşkl.; _c29 sm. |
||
| 336 |
_2rdacontent _atext _btxt |
||
| 337 |
_2rdamedia _aunmediated _bn |
||
| 338 |
_2rdacarrier _avolume _bnc |
||
| 490 | 0 |
_aBilge Adamlar Stratejik Araştırmalar Merkezi Rapor No ; _v54 |
|
| 650 | 1 | 7 |
_aSocial service _zTurkey _2 _920146 |
| 650 | 1 | 0 |
_aHuman services _zTurkey _983052 |
| 650 | 1 | 7 |
_aSosyal hizmet _zTürkiye _2etuturkob _982596 |
| 650 | 1 | 7 |
_aİnsani hizmetler _zTürkiye _2etuturkob _988282 |
| 942 |
_cBK _2lcc |
||